header

Movers and shakers (Record no. 240747)

MARC details
000 -LEADER
fixed length control field 02564nam a2200361 a 4500
082 04 - DEWEY DECIMAL CLASSIFICATION NUMBER
Classification number 303.48/40960904
245 00 - TITLE STATEMENT
Title Movers and shakers
260 ## - PUBLICATION, DISTRIBUTION, ETC. (IMPRINT)
Place of publication Leiden ;
-- Boston :
Name of publisher Brill,
Year of publication c2009.
300 ## - PHYSICAL DESCRIPTION
Number of Pages vii, 257 p.
490 1# - SERIES STATEMENT
Series statement African dynamics,
505 0# - FORMATTED CONTENTS NOTE
Formatted contents note Introduction : African social movements or social movements in Africa? / Stephen Ellis & Ineke van Kessel -- Social movement theory : past, presence & prospects / Jacquelien van Stekelenburg & Bert Klandermans -- Speaking to global debates through a national and continental lens : South African and African social movements in comparative perspective / Adam Habib & Paul Opoku-Mensah -- African civil society, 'blood diamonds' and the Kimberley process / Lansana Gberie -- The Islamic courts union : the ebb and flow of a Somali Islamist movement / Jon Abbink -- Liberia's women acting for peace : collective action in a war-affected country / Veronika Fuest -- Nurtured from the pulpit : the emergence and growth of Malawi's democracy movement / Boniface Dulani -- Bare-foot activists : transformations in the haratine movement in Mauritania / Zekeria Ould Ahmed Salem -- An Islamic social movement in contemporary West Africa : NASFAT of Nigeria / Benjamin Soares -- The United Democratic Front's legacy in South Africa : mission accomplished or vision betrayed? / Ineke van Kessel -- 'Campus cults' in Nigeria : the development of an anti-social movement / Stephen Ellis.
650 #0 - SUBJECT ADDED ENTRY--TOPICAL TERM
Topical Term Social movements
700 1# - ADDED ENTRY--PERSONAL NAME
Personal name Ellis, Stephen,
Personal name Kessel, Ineke van.
856 40 - ELECTRONIC LOCATION AND ACCESS
Uniform Resource Identifier http://site.ebrary.com/lib/rucke/Doc?id=10461202

No items available.

© 2026 Rongo University
Contact us: librarian | system librarian | Rongo university